Are You Smarter Than a College Student? II Quiz Stats

 Plays Quiz Updated Oct 9, 2018

Score 0/30 Timer 07:00
38 Plays Today
Question Answer % Correct
Easywater
99.1%
Easysix
97.9%
Easygreat white shark
97.6%
EasyRudolph
96.2%
Easyhasta
94.1%
Easyivory
90.2%
EasyMississippi river
89.6%
Easyblackjack
88.1%
EasyBono
88%
EasyDetroit
82.7%
Mediumfault
81.2%
Mediumyour mother
80.8%
MediumSistine Chapel
78.2%
MediumDopey
77.2%
MediumNew England
76.5%
Question Answer % Correct
MediumSeinfeld
75.8%
Medium7 billion
75.6%
MediumBeauty and the Beast
75.4%
MediumNepal
72.7%
MediumDjokovic or Nadal
63.1%
HardNinth
58.4%
HardChile
58%
Hardsuperego
57.7%
HardNew Zealand
56.7%
HardVladimir Lenin
56%
Hardanion
50.5%
HardPablo Picasso
48%
HardTurkey
39.3%
HardThe Sun King
39.1%
Hardbarrels
36.9%

You're not logged in!

Compare scores with friends on all Sporcle quizzes.
Join for Free
OR
Log In

You Might Also Like...

Show Comments

Extras

Top Quizzes Today


Score Distribution

Your Account Isn't Verified!

In order to create a playlist on Sporcle, you need to verify the email address you used during registration. Go to your Sporcle Settings to finish the process.

Report this User

Report this user for behavior that violates our Community Guidelines.

Details: